Kalkulácia produktových nákladov v podmienkach členitého výrobného procesu bakalárska práca

Salvato in:
Dettagli Bibliografici
Autore principale: Konôpková, Simona
Ente Autore: Fakulta podnikového manažmentu EU. Katedra podnikovohospodárska
Altri autori: Štetka, Peter, 1986-
Natura: Libro
Lingua:slovacco
Pubblicazione: Bratislava 2017
Tags: Aggiungi Tag
Nessun Tag, puoi essere il primo ad aggiungerne!!

MARC

LEADER 00000nbm a2200000 4500
001 0232588
005 20171024102123.8
041 0 |a slo 
044 |a SK 
245 1 0 |a Kalkulácia produktových nákladov v podmienkach členitého výrobného procesu  |b bakalárska práca  |c Simona Konôpková ; školiteľ: Peter Štetka 
264 1 |a Bratislava  |c 2017 
300 |a 47 s. 
100 1 |a Konôpková, Simona 
700 1 |a Štetka, Peter, 1986- 
710 2 |a Fakulta podnikového manažmentu EU. Katedra podnikovohospodárska